| 000 | 00631nam a2200205Ia 4500 | ||
|---|---|---|---|
| 005 | 20250508164743.0 | ||
| 008 | 008 250505s9999 xx 000 0 eng d | ||
| 020 | _a0-19-8060246 | ||
| 037 | _aTextual | ||
| 040 |
_aFEDL _beng _cFEDL |
||
| 041 |
_aeng _2eng |
||
| 084 |
_a372.954, RUS _qFEDL |
||
| 100 |
_aRustagi Preet Ed. _9778847 |
||
| 245 | 0 | _aConcerns, conflicts, and cohesions: Universalization of elementary education in India | |
| 260 |
_aNew Delhi, India _bOxford University Press _c2009 |
||
| 300 | _axxii,350p. | ||
| 365 |
_aINR _b750 |
||
| 942 |
_cTEXL _h372.954, RUS |
||
| 999 |
_c1390928 _d1390928 |
||